| 000 | 00975nas a2200253Ia 4500 | ||
|---|---|---|---|
| 001 | R029/E3835 | ||
| 003 | IT-RoPAU | ||
| 008 | 151124c99999999xx |||||||||||| ||und|| | ||
| 040 | _aIT-RoPAU | ||
| 040 | _cIT-RoPAU | ||
| 041 | _aFRANCESE | ||
| 100 |
_aCiment Michel _gCodice Aut. SPICS: 8021 |
||
| 210 | _aPOSITIF | ||
| 222 | _aPositif | ||
| 245 |
_aPOSITIF, N.430 (DICEMBRE 1996) _bJe Ne Cherche Pas Une Description Mais Une Vision Des Choses. Entretien Avec Robert Bresson Autour De L'Argent |
||
| 250 | _a1a ed. | ||
| 260 |
_aPARIS _bJEAN-MICHEL PLACE _c1996 |
||
| 501 |
_bPaulus - SPICS - Società San Paolo EM (non-commercial uses only) _cCopyright2015 |
||
| 300 | _a9 p. [93-101] | ||
| 362 | _aN.430 (DICEMBRE 1996) | ||
| 500 | _aNon Cerco una Descrizione ma una Visione Delle Cose: Intervista a Robert Bresson, Come Contributo al Dossier Sul Suo Cinema e Sulla Sua Esperienza Cinematografica. | ||
| 650 |
_aCINEMA _vPUBBLICAZIONE PERIODICA |
||
| 942 | _cCR | ||
| 999 |
_c201450 _d201450 |
||